[Event "World Cup"]
[Site "Khanty-Mansiysk RUS"]
[Date "2007.12.03"]
[Round "4.1"]
[White "Ponomariov,R"]
[Black "Sasikiran,K"]
[Result "1-0"]
[WhiteElo "2705"]
[BlackElo "2661"]
[EventDate "2007.11.24"]

1. d4 d5 2. c4 dxc4 3. e4 e5 4. Nf3 exd4 5. Bxc4 Nc6 6. O-O Be6 7. Bb5 Bc5
8. b4 Bb6 9. a4 a6 10. Bxc6+ bxc6 11. Nbd2 Nf6 12. Qc2 O-O 13. Qxc6 Re8 14.
Bb2 Bd7 15. Qc2 Qe7 16. Nxd4 Qxb4 17. Bc3 Qc5 18. a5 Ba7 19. Rac1 Rac8 20.
Rfe1 Qh5 21. Nf1 Ng4 22. f3 Ne5 23. Kh1 g6 24. Ne3 c6 25. f4 Ng4 26. Nxg4
Bxg4 27. Ba1 Bb8 28. Rf1 Qh6 29. Qc3 f6 30. Qb3+ Kg7 31. e5 c5 32. Qb7+ Rc7
33. Qb6 Rf7 34. Nc6 Bc7 35. Qxc5 Qh4 36. exf6+ Kh6 37. Ne7 Bd8 38. Qc4 Rff8
39. Ng8+ Kh5 40. f7 Re7 41. Bf6 1-0

[Event "World Cup"]
[Site "Khanty-Mansiysk RUS"]
[Date "2007.12.03"]
[Round "4.1"]
[White "Alekseev,Evgeny"]
[Black "Bareev,E"]
[Result "1/2-1/2"]
[WhiteElo "2716"]
[BlackElo "2653"]
[EventDate "2007.11.24"]

1. d4 d5 2. c4 c6 3. Nf3 Nf6 4. Nc3 e6 5. Bg5 h6 6. Bh4 dxc4 7. e4 g5 8.
Bg3 b5 9. Be2 Bb7 10. O-O Nbd7 11. Ne5 Bg7 12. Nxd7 Nxd7 13. Bd6 a6 14. a4
e5 15. d5 c5 16. b4 Qb6 17. bxc5 Nxc5 18. Bxc5 Qxc5 19. axb5 axb5 20. Rxa8+
Bxa8 21. Qa1 O-O 22. Qa5 Rb8 23. Rb1 Bf8 24. Nxb5 f5 25. Qa6 Kh8 26. Nc3
Rxb1+ 27. Nxb1 Qb4 28. Qxa8 Qxb1+ 29. Bf1 Qb4 30. exf5 c3 31. Qc6 e4 32. h4
g4 33. g3 Qc5 34. Qf6+ Bg7 35. Qd8+ Bf8 36. Qf6+ Bg7 37. Qd8+ Qf8 38. Qc7
Qxf5 39. d6 Bd4 40. Qd8+ Kg7 1/2-1/2

[Event "World Cup"]
[Site "Khanty-Mansiysk RUS"]
[Date "2007.12.05"]
[Round "4.3"]
[White "Alekseev,Evgeny"]
[Black "Bareev,E"]
[Result "1-0"]
[WhiteElo "2716"]
[BlackElo "2653"]
[EventDate "2007.11.24"]

1. e4 c6 2. d4 d5 3. e5 Bf5 4. Nd2 e6 5. Nb3 Nd7 6. Nf3 Qc7 7. Bf4 Ne7 8.
Be2 c5 9. dxc5 Bg4 10. Nfd4 Bxe2 11. Qxe2 a6 12. O-O Ng6 13. Bg3 Bxc5 14.
f4 O-O 15. c3 Rae8 16. Kh1 Bb6 17. Rae1 Qc8 18. h4 Ne7 19. h5 h6 20. Bh4
Nc6 21. Qg4 Kh8 22. Qg3 Nxd4 23. cxd4 Nb8 24. Rc1 Nc6 25. Qe3 Qd7 26. g4 f6
27. exf6 gxf6 28. g5 fxg5 29. fxg5 hxg5 30. Bxg5 Qh7 31. Bf6+ Rxf6 32. Rxf6
Qxh5+ 33. Kg2 Rg8+ 34. Kf1 Qh1+ 35. Ke2 Rg2+ 36. Rf2 Qh2 37. Rcf1 e5 38.
Qf3 1-0

[Event "World Cup"]
[Site "Khanty-Mansiysk RUS"]
[Date "2007.12.05"]
[Round "4.4"]
[White "Svidler,P"]
[Black "Kamsky,G"]
[Result "0-1"]
[WhiteElo "2732"]
[BlackElo "2714"]
[EventDate "2007.11.24"]

1. e4 e5 2. Nf3 Nc6 3. Bb5 a6 4. Ba4 d6 5. c3 Bd7 6. d4 g6 7. O-O Bg7 8. d5
Nce7 9. c4 Nf6 10. Bxd7+ Qxd7 11. Nc3 O-O 12. c5 Nh5 13. cxd6 cxd6 14. Be3
Rac8 15. Na4 Qb5 16. Nb6 Rcd8 17. Rc1 Nc8 18. a4 Qe8 19. Qb3 Nxb6 20. Bxb6
Rd7 21. Rc4 Bh6 22. Be3 Bxe3 23. Qxe3 f5 24. Ng5 Nf4 25. g3 h6 26. Nf3 fxe4
27. Qxe4 Nh5 28. Nd2 Qf7 29. Qd3 Nf6 30. f4 Kg7 31. fxe5 dxe5 32. d6 Qe6
33. Rc7 Rff7 34. Ne4 Rxc7 35. dxc7 Qb6+ 36. Kg2 Qxc7 37. Nc3 Qc6+ 38. Kg1
Qb6+ 39. Kh1 Qxb2 40. Qc4 Qb6 41. Ne4 a5 42. Nc5 Qc6+ 43. Kg1 Re7 44. Qb5
e4 45. Qxc6 bxc6 46. Rc1 Nd5 47. Kf2 Kf6 48. Nb3 Rb7 49. Nxa5 Rb2+ 50. Ke1
Nb4 51. Rc3 Rxh2 52. Nxc6 Nd3+ 53. Kd1 Ra2 54. a5 h5 55. Rc2 Ra3 56. Kd2
Ne5 57. Nxe5 Kxe5 58. Rc5+ Kd4 59. Rg5 Ra2+ 60. Kd1 Kd3 61. Rd5+ Ke3 62.
Rg5 Kf2 63. Rxg6 Rxa5 64. Rf6+ Kxg3 65. Ke2 Rg5 66. Rf1 h4 67. Ke3 h3 68.
Rg1+ Kh4 69. Rh1 Rg2 70. Kxe4 h2 71. Kf3 Kh3 0-1